00369 2200145 4500001002100000005001700021006001900038008004100057020001800098035002500116100001800141245001800159260003000177990001600207INLIS00000000000968320150221092103.0a ||| | 170609| ||| |  a979-20-3065-4 a0010-0215000000000850 aMika Kawamura00aPerfect Hit 2 aJakartabElex Mediac2002 a4515/b/2004